=LDR 00000nam 2200000 4500 =001 INLIS000000000016143 =005 20130612111422 =008 ***********************************Ind** =035 ##$$0010-061300000016143 =041 ##$$a Ind =082 ##$$a 398.2 =090 ##$$a 398.2Sch h =100 ##$$a Schap, Bot Genoot =245 ##$$a Hikayat hang tuah I, Bot Genoot Schap =250 ##$$a Bp. No. 651 =260 ##$$a 1978 $b Jakarta =300 ##$$a VII-285 hlm., 21 cm =650 ##$$a Folklor - Sejarah Sastra =850 ##$$a NBPNMAT